000
00329pab a2200133 454500
008
180718b1989 xxu||||| |||| 00| 0 eng d
245
_a
Reshaping civil Liberties (Special Features)
260
_c
1989
300
_a
262-96
362
_a
Jul.-Sep.
650
_a
Civil Liberties
773
_a
The political Quarterly
909
_a
5640
999
_c
5640
_d
5640